00654 a2200157 4500020001500000082001600015100002900031245008300060260003600143300003100179650004400210650002900254999001300283952010700296952009300403 a0070564000 a620.135 BAL aBalaguru, Perumalsamy N. aFiber Reinforced Cement CompositiescPerumalsamy N. Balaguru, Surendra P. Shah aNew York :bMc Graw Hill,c1992 axv, 530p. :bill. ;c23 cm aFibrous Composites : Cement Composities aPorland Cement Additives c835d835 00104070aNITbNITcCEd0000-00-00l1o620.135 BALpNIT-669 r2024-12-30s2024-08-23w2017-01-05yBK 00104070aNITbNITcCEd0000-00-00l1pNIT-670r2020-02-04s2019-10-17w2017-01-05yBK